Deleuze and the immanent sublime: idea and individuation (Record no. 1463953)

MARC details
000 -LEADER
fixed length control field 00332 a2200121 4500
000 - LEADER
fixed length control field nam a22 7a 4500
005 - DATE AND TIME OF LATEST TRANSACTION
control field 20250924110737.0
020 ## - INTERNATIONAL STANDARD BOOK NUMBER
International Standard Book Number 978-1-3503-4488-4
100 ## - MAIN ENTRY--PERSONAL NAME
Personal name Schreel, Louis
9 (RLIN) 846405
245 ## - TITLE STATEMENT
Title Deleuze and the immanent sublime: idea and individuation
260 ## - PUBLICATION, DISTRIBUTION, ETC.
Name of publisher, distributor, etc. Bloomsbury Academic
Date of publication, distribution, etc. 2024
942 ## - ADDED ENTRY ELEMENTS (KOHA)
Koha item type Textbook
Holdings
Withdrawn status Lost status Source of classification or shelving scheme Damaged status Not for loan Home library Current library Date acquired Total Checkouts Date last seen Price effective from Koha item type
    Colon Classification (CC)   Ordered Arts Library Arts Library 2025-11-11   2025-11-11 2025-11-11 Textbook
    Colon Classification (CC)   Not For Loan Central Library Central Library 2025-09-24   2025-09-24 2025-09-24 Textbook
Copyright @ Delhi University Library System